00511nam a2200181Ia 4500008004100000020001800041082001600059100002200075245002200097250000600119260003300125300001100158500002400169650001600193942000700209952009600216999001700312230524s9999 xx 000 0 und d a9789383182961 a510.76bSHA aR.D Sharma943448 0aMathematics Vol-I a1 aNew DelhibDhanpat raic2017 a19.208 aQuantity Number: 1 aMathematics cBK 00104070aTATCLbTATCLcGENd2023-05-24l0o510.76 SHAp56196r2023-05-24w2023-05-24yBK c58864d58864